Witamy w Bibliotece Naukowej Instytutu Łączności!

Osnovy nelinejnoj akustiki / (Rekord nr 10051)

000 -LEADER
fixed length control field 00279 a2200085 4500
100 1# - MAIN ENTRY--PERSONAL NAME
Personal name Ostroumov, G.A..
Relator term Autor
245 0# - TITLE STATEMENT
Title Osnovy nelinejnoj akustiki /
Statement of responsibility, etc Ostroumov G.A..
260 ## - PUBLICATION, DISTRIBUTION, ETC. (IMPRINT)
Place of publication, distribution, etc Leningrad :
Name of publisher, distributor, etc Izd. Leningr. Univer.,
Date of publication, distribution, etc 1967.
300 ## - PHYSICAL DESCRIPTION
Extent 131 s.;
Dimensions 24 cm.
710 2# - ADDED ENTRY--CORPORATE NAME
Corporate name or jurisdiction name as entry element Izd. Leningr. Univer..
Relator term Wydawca
Relator code pbl
Egzemplarze
Withdrawn status Lost status Source of classification or shelving scheme Damaged status Not for loan Permanent Location Current Location Shelving location Date acquired Cost, normal purchase price Inventory number Full call number Barcode Date last seen Price effective from Koha item type
          Instytut Łączności Instytut Łączności Magazyn 1967-08-06 0.00 23057 23057 23057 2022-10-18 2017-11-30 Książki

Działa dzięki Koha